Les scènes dans une prison en 20 clics - Statistiques

Statistiques générales
  • Ce quiz a été pris 61 fois
  • Le résultat moyen est 10 sur 20
Statistiques - réponses
Hint Réponse % Correct
Orange Is the New Black
89%
La Ligne verte
81%
American History X
79%
The Walking Dead
79%
Prison Break
70%
The Dark Knight Rises
66%
Les Bidasses s'en vont en guerre
57%
Les Évadés
57%
Hancock
55%
La Grande Évasion
53%
Mindhunter
49%
Disjoncté (The Cable Guy)
45%
Un prophète
38%
L'Évadé d'Alcatraz
34%
Daredevil
32%
Dog Pound
25%
Haute Sécurité (Lock Up)
25%
Midnight Express
25%
Évasion
23%
Oz
19%
Aucun quiz correspondant
Distribution des résultats
% des personnes avec chaque résultat
Percentile par nombre de réponses
Votre historique - résultats
Vous n’avez pas pris ce quiz